<?xml version='1.0' encoding='UTF-8'?>
  <record xmlns="http://www.loc.gov/MARC21/slim">
    <leader>00000nem a2200000 i 4500</leader>
    <controlfield tag="001">ocn980448074</controlfield>
    <controlfield tag="003">OCoLC</controlfield>
    <controlfield tag="005">20250205045445.4</controlfield>
    <controlfield tag="008">050411s1781    ne        u     0   dut d</controlfield>
    <datafield tag="040" ind1=" " ind2=" ">
      <subfield code="a">QGJ</subfield>
      <subfield code="b">dut</subfield>
      <subfield code="e">fobidrtb</subfield>
      <subfield code="c">QGJ</subfield>
    </datafield>
    <datafield tag="035" ind1=" " ind2=" ">
      <subfield code="a">(OCoLC)980448074</subfield>
    </datafield>
    <datafield tag="041" ind1=" " ind2=" ">
      <subfield code="a">dut</subfield>
    </datafield>
    <datafield tag="084" ind1=" " ind2=" ">
      <subfield code="a">74.20</subfield>
      <subfield code="2">bcl</subfield>
    </datafield>
    <datafield tag="245" ind1="0" ind2="0">
      <subfield code="a">Kaart van Zeeland, zoo als het geleegen was omtrent den jaare 1230, te vinden in den eersten druk der Chronyke van Zeeland door Jan Jans Reygersberch.</subfield>
    </datafield>
    <datafield tag="264" ind1=" " ind2="1">
      <subfield code="a">[Middelburg] :</subfield>
      <subfield code="b">[Willem Abrahams],</subfield>
      <subfield code="c">[1781]</subfield>
    </datafield>
    <datafield tag="300" ind1=" " ind2=" ">
      <subfield code="a">1 krt. :</subfield>
      <subfield code="b">koperdiepdr. ;</subfield>
      <subfield code="c">19 x 28 cm</subfield>
    </datafield>
    <datafield tag="336" ind1=" " ind2=" ">
      <subfield code="a">cartografische afbeelding</subfield>
      <subfield code="b">cri</subfield>
      <subfield code="2">rdacontent/dut</subfield>
    </datafield>
    <datafield tag="337" ind1=" " ind2=" ">
      <subfield code="a">zonder medium</subfield>
      <subfield code="b">n</subfield>
      <subfield code="2">rdamedia/dut</subfield>
    </datafield>
    <datafield tag="338" ind1=" " ind2=" ">
      <subfield code="a">vel</subfield>
      <subfield code="b">nb</subfield>
      <subfield code="2">rdacarrier/dut</subfield>
    </datafield>
    <datafield tag="500" ind1=" " ind2=" ">
      <subfield code="a">Verschenen in: Eenige Zeeuwsche oudheden, uit echte stukken opgeheldert en in het licht gebragt / [J. Ermerins]. - Te Middelburg : by Willem Abrahams, 1781-1793.</subfield>
    </datafield>
    <datafield tag="510" ind1="0" ind2=" ">
      <subfield code="a">Blonk-van der Wijst, 421 (kaart H-4a3)</subfield>
    </datafield>
    <datafield tag="651" ind1=" " ind2="7">
      <subfield code="a">Zeeland (provincie)</subfield>
      <subfield code="0">(NL-LeOCL)090812301.</subfield>
      <subfield code="2">gtt</subfield>
    </datafield>
    <datafield tag="655" ind1=" " ind2="7">
      <subfield code="a">Kaarten (vorm)</subfield>
      <subfield code="0">(NL-LeOCL)088143554.</subfield>
      <subfield code="2">gtt</subfield>
    </datafield>
    <datafield tag="936" ind1=" " ind2=" ">
      <subfield code="a">BATCHLOAD</subfield>
    </datafield>
  </record>